000 00444nam a2200181Ia 4500
008 151202s9999||||xx |||||||||||||| ||und||
082 _bPNVM-16973
100 _aMATHUS T. R.
245 _aPRINCIPLE OF POPULATION.
260 _b"J.MURRAY, LONDON."
260 _c0
300 _a535
600 _aMATHUS T. R.
630 _aPRINCIPLE OF POPULATION.
700 _aMATHUS T. R.
730 _aPRINCIPLE OF POPULATION.
942 _cBOOK
999 _c1282958
_d1282955